<?xml version="1.0" encoding="UTF-8"?>
<marc:record xmlns:marc="http://www.loc.gov/MARC21/slim">
   <marc:leader>00000nam a2200000 a 4500</marc:leader>
   <marc:datafield ind1="1" ind2=" " tag="100">
      <marc:subfield code="a">Wallnöfer, Elsbeth</marc:subfield>
      <marc:subfield code="4">aut</marc:subfield>
      <marc:subfield code="e">Verfasser/-in</marc:subfield>
   </marc:datafield>
   <marc:datafield ind1="1" ind2=" " tag="100">
      <marc:subfield code="a">Hell, Bodo</marc:subfield>
      <marc:subfield code="4">aut</marc:subfield>
      <marc:subfield code="e">Verfasser/-in</marc:subfield>
   </marc:datafield>
   <marc:datafield ind1="1" ind2=" " tag="100">
      <marc:subfield code="a">Kubelka, Peter</marc:subfield>
   </marc:datafield>
   <marc:datafield ind1=" " ind2=" " tag="653">
      <marc:subfield code="a">Dachstein</marc:subfield>
   </marc:datafield>
   <marc:datafield ind1=" " ind2=" " tag="653">
      <marc:subfield code="a">Kalkalpen</marc:subfield>
   </marc:datafield>
   <marc:datafield ind1=" " ind2=" " tag="653">
      <marc:subfield code="a">Bergmassiv</marc:subfield>
   </marc:datafield>
   <marc:datafield ind1="0" ind2="0" tag="245">
      <marc:subfield code="a">Wilder Dachstein</marc:subfield>
   </marc:datafield>
   <marc:datafield ind1="0" ind2="0" tag="245">
      <marc:subfield code="c">Elsbeth Wallnöfer ; Bodo Hell. [Fotografien:] Peter Kubelka</marc:subfield>
   </marc:datafield>
   <marc:datafield ind1=" " ind2="1" tag="264">
      <marc:subfield code="a">Salzburg</marc:subfield>
      <marc:subfield code="b">Pustet</marc:subfield>
      <marc:subfield code="c">2018</marc:subfield>
   </marc:datafield>
   <marc:datafield ind1="1" ind2=" " tag="520">
      <marc:subfield code="a">Der wohl prominenteste Gebirgsstock der nördlichen Kalkalpen, der Dachstein, mit seiner beispielhaften Erschließungs- und Entwicklungsgeschichte birgt nach wie vor Geheimnisse, die es zu entdecken gilt. Wege, Umwege, überlaufene und völlig verlassene Routen locken Kletterer, Wanderer und Abenteurer in seine Felsrunsen und Karrenfelder. Eine Pfadsuche im Koppenwinkel, Karseen und Höhlenkirchen, Almen und Naturtheater, Hüttengaudi und Bibelsteige, sind nur einige Themen der im Band versammelten Texte und Routenbeschreibungen. Die Fotografien führen durch alle Wetter und Jahreszeiten und spiegeln den gegenwärtigen Zustand des Massivs wider. Bodo Hell, als Alpenhirt über Jahrzehnte im Gebiet tätig, berichtet aus persönlicher Erfahrung. Elsbeth Wallnöfer, Volkskundlerin, durchforstet mit ihrem kritischen Blick historische und aktuelle Quellen. Peter M. Kubelka, Fotograf, hat keine Strapazen gescheut, unterschiedlichste Motive einzufangen. (Verlagstext)</marc:subfield>
   </marc:datafield>
   <marc:datafield ind1=" " ind2=" " tag="020">
      <marc:subfield code="a">9783702508890</marc:subfield>
      <marc:subfield code="9">9783702508890</marc:subfield>
   </marc:datafield>
   <marc:datafield ind1=" " ind2=" " tag="041">
      <marc:subfield code="a">ger</marc:subfield>
   </marc:datafield>
   <marc:datafield ind1=" " ind2=" " tag="300">
      <marc:subfield code="b">zahlreiche Illustrationen</marc:subfield>
   </marc:datafield>
   <marc:datafield ind1="1" ind2=" " tag="521">
      <marc:subfield code="a">0</marc:subfield>
   </marc:datafield>
   <marc:datafield ind1=" " ind2=" " tag="300">
      <marc:subfield code="a">189 Seiten</marc:subfield>
   </marc:datafield>
</marc:record>
